000 01183nam a22003377a 4500
001 1
003 FISKH
005 20231124152854.0
008 230220b cb ||||| |||| 00| 0 eng d
010 _a 87027556
020 _a0525443924 (lib. bdg.) :
020 _a0525443959 (pbk.)
020 _a9780590981811
040 _aDLC
_cDLC
_dDLC
_dFISKH
_beng
042 _alcac
050 0 0 _aPZ7
_b.G2933
082 _2823.9
100 1 _aGeorge, Jean Craighead,
_d1919-2012.
245 1 0 _aMy side of the mountain /
_cJean Craighead George.
_ba newbery honor book
260 _aNew York :
_bScholastic,
_c1988.
300 _a177 pages :
_billustrations ;
_c18 cm
505 _aV
520 _aA young boy relates his adventures during the year he spends living alone in the Catskill Mountains including his struggle for survival, his dependence on nature, his animal friends, and his ultimate realization that he needs human companionship.
521 8 _a810
_bLexile
521 8 _a V
_bRaz-Paz
650 1 _aSurvival
_xFiction.
650 1 _aSelf-reliance
_xFiction.
650 1 _aMountain life
_xFiction.
906 _a7
_bcbc
_corignew
_d1
_eocip
_f19
_gy-gencatlg
942 _2ddc
_cBK
_n0
999 _c1
_d1